Mechanical design analysis
Saved in:
| Hovedforfatter: | |
|---|---|
| Format: | Bog |
| Sprog: | engelsk |
| Udgivet: |
Englewood Cliffs
Prentice-Hall
1964
|
| Fag: | |
| Tags: |
Tilføj Tag
Ingen Tags, Vær først til at tagge denne postø!
|
MARC
| LEADER | 00000nam a2200000 a 4500 | ||
|---|---|---|---|
| 001 | UCP1315 | ||
| 003 | CL-VaPUC | ||
| 008 | 990401e19640000us |||||||||||||||||eng|d | ||
| 082 | 0 | 4 | |a 621.81 |b SPO |2 21 |
| 100 | 0 | |a Spotts, Merhyle Franklin |e author |9 427291 | |
| 245 | 1 | 0 | |a Mechanical design analysis |
| 300 | |a 428 p | ||
| 942 | |c BK | ||
| 945 | |d 19990401 00:00:00 |a lriquelm | ||
| 260 | |a Englewood Cliffs |b Prentice-Hall |c 1964 | ||
| 650 | 0 | |a Ingeniería mecánica |9 262089 | |
| 650 | 7 | |a MAQUINARIAS |2 CL-VaPUC |9 402997 | |
| 650 | 7 | |a JUNTAS |2 CL-VaPUC |9 364200 | |
| 650 | 7 | |a PIEZAS DE SUJECION |2 CL-VaPUC |9 427292 | |
| 650 | 7 | |a TRANSMISION DE POTENCIA |2 CL-VaPUC |9 427293 | |
| 650 | 7 | |a EJES |2 CL-VaPUC |9 427294 | |
| 650 | 0 | |a Rodamientos |9 333554 | |
| 650 | 0 | |a Resortes |9 359465 | |
| 650 | 7 | |a TORNILLOS |2 CL-VaPUC |9 408453 | |
| 650 | 0 | |a Engranajes |9 271783 | |
| 650 | 7 | |a LEVAS |2 CL-VaPUC |9 427295 | |
| 583 | |a last modification |c 20131021 05:55:10 |k Rodrigo Vera | ||
| 999 | |c 280006 |d 280004 | ||
| 952 | |0 0 |1 0 |4 0 |6 621_810000000000000_SPO_1964 |7 0 |8 P |9 319960 |a BIBMEC |b BIBMEC |d 2019-11-20 |i 1336282 |o 621.81 SPO 1964 |p 1336282 |r 2019-11-20 |w 2019-11-20 |y BK |k MEC | ||